Introduction to polymer chemistry /

Guardado en:
Autor Principal: Seymour, Raymond Benedict, 1912-
Formato: Libro
Idioma:English
Publicado: New York : McGraw-Hill, c1971.
Materias:
Etiquetas: Agregar Etiqueta
Sin Etiquetas, Sea el primero en etiquetar este registro!
LEADER 00658cam a22001935a 4500
001 EIQ.libpla003755
008 701120s1971####nyua#####b####001#0#eng#d
005 20080310180539.0
245 1 0 |a Introduction to polymer chemistry /  |c [by] Raymond B. Seymour. 
260 |a New York :  |b McGraw-Hill,  |c c1971. 
300 |a x, 437 p. :  |b il. ;  |c 23 cm. 
504 |a Incluye referencias bibliográficas e índice. 
100 1 |a Seymour, Raymond Benedict,  |d 1912- 
082 0 0 |a 547/.84 
650 4 |a Polímeros  |x Polimerización. 
650 4 |a Polymers  |x Polymerization. 
010 |a  75118802  
040 |a DLC  |c DLC  |d AR-BbSID 
859 |a AR-BbSID  |b BIB. PLAPIQUI  |h 541.225 4  |i Se 95  |p 357